| 000 | 00560nam a2200181 a 4500 | ||
|---|---|---|---|
| 001 | 20391 | ||
| 003 | CO-ViMGA | ||
| 008 | 141112s2004 ck r 000 u spa d | ||
| 040 |
_aCO-ViMGA _bspa _cCO-ViMGA |
||
| 082 | 0 | 4 | _aBANz |
| 100 | 1 |
_aBanyai, Istvan _929437 |
|
| 245 | 1 | 0 | _aZoom |
| 260 |
_aMexico : _bFondo de cultura económica, _c1995 |
||
| 590 | _aForma de adquisición : Donación - - Precio : 10000 - - Fecha de adquisición : Marzo 2006 | ||
| 650 | 1 | 4 |
_aCUENTOS INFANTILES ESTADOUNIDENSES _9823 |
| 650 | 1 | 4 |
_aLIBROS DE IMAGENES _929438 |
| 942 |
_2ddc _cBK |
||
| 999 |
_c29392 _d29392 |
||